| 000 | 00785nam a2200205Ia 4500 | ||
|---|---|---|---|
| 001 | 17665 | ||
| 003 | GE_BSU | ||
| 008 | 181216s||||||||xx |||||||||||||| ||und|| | ||
| 040 | _cGE_BSU | ||
| 080 | _a621.791(035) | ||
| 245 | _aСправочник по специальным работам, сварочные работы в строительстве. Часть 1. | ||
| 245 | _cПод ред. В.Д.Тарана. | ||
| 250 | _aИзд второе, исправленное и дополненное. | ||
| 260 | _aМ. | ||
| 260 | _bСройиздат. | ||
| 260 | _c1971. | ||
| 300 | _a465 стр. с илл. 20 см. | ||
| 653 | _aСправочник по специальным работам, сварочные работы в строительстве. | ||
| 942 | _cBK | ||
| 999 |
_c50714 _d50714 |
||